Materiales, forma y arquitectura

Wedi'i Gadw mewn:
Manylion Llyfryddiaeth
Prif Awdur: Weston, Richard (Awdur)
Fformat: Llyfr
Iaith:Sbaeneg
Cyhoeddwyd: Barcelona Blume 2003
Rhifyn:1a. ed
Pynciau:
Tagiau: Ychwanegu Tag
Dim Tagiau, Byddwch y cyntaf i dagio'r cofnod hwn!

MARC

LEADER 00000nam a2200000 a 4500
001 UCK2501
003 CL-VaPUC
008 050120e20030000SP |||||||||||||||||spa|d
020 |a 8495939479 
082 0 4 |a 720  |b WES  |2 21 
100 0 |a Weston, Richard  |e author  |9 490364 
245 1 0 |a Materiales, forma y arquitectura 
250 |a 1a. ed 
300 |a Pág. irreg 
942 |c BK 
945 |d 20050120 00:00:00  |a vberengu 
260 |a Barcelona  |b Blume  |c 2003 
500 |a http://www.blume.net 
500 |a La arquitectura cobra vida a través del "arte material de la construcción" pero en general se considera un arte abstracto de diseño o de composición. La trayectoria de los arquitectos desde el "carpintero jefe" o el cantero hasta el diseñador independiente está marcada por una creciente separación entre el pensamiento y la acción, salpicada de intentos ocasionales (como el movimiento Arts and Crafts del siglo XIX) por nadar contracorriente. Después de un siglo dominado por los debates sobre espacio y forma, hoy existe un renovado interés en los aspectos tectónicos y materiales de la arquitectura. Recién estrenado un nuevo siglo, la tendencia hacia la abstracción avanza cada vez más rápidamente gracias a los medios digitales, y ello parece favorecer a su vez un énfasis compensatorio en las cualidades materiales de los edificios. Irónicamente, las mismas tecnologías de la información ofrecen la posibilidad de que el arquitecto vuelva a controlar directamente el diseño y la obra de construcción, de modo que los procesos de creación intelectual y material vayan de la mano 
650 0 |a Arquitectura  |9 804558 
583 |a last modification  |c 20050120 00:00:00  |k Rodrigo Vera 
999 |c 312014  |d 312012 
952 |0 0  |1 0  |4 0  |6 720_000000000000000_WES_2003  |7 0  |8 A  |9 381795  |a BIBARQ  |b BIBARQ  |d 2019-11-21  |i 4094263  |o 720 WES 2003  |p 4094263  |r 2025-01-20  |w 2019-11-21  |y BK  |k ARQ 
952 |0 0  |1 0  |2 ddc  |4 0  |6 720_000000000000000_WES_2003  |7 0  |8 A  |9 381796  |a BIBING  |b BIBING  |c RES  |d 2019-11-21  |i 432076K  |o 720 WES 2003  |p 432076K  |r 2025-01-20  |w 2019-11-21  |y BK  |k CIC